000
00309nam a22001337a 4500
008
170614b xxu||||| |||| 00| 0 eng d
020
_a
9780073515052
041
_a
eng
080
_2
15 ED
_a
323
100
_a
19
101
_a
SHP
245
_a
TAKING SIDES POLITICAL ISSUES
_c
MCKENNA.G
942
_2
udc
_c
BK
999
_c
17256
_d
17256